A fejlett Nyugat eszménye Hegel politikai írásaiban
Elmentve itt :
| Szerző: | |
|---|---|
| Testületi szerző: | |
| További közreműködők: | |
| Dokumentumtípus: | Könyv része |
| Megjelent: |
1999
|
| Sorozat: | Ész, élet, egzisztencia
Európai integráció - európai filozófia : [nemzetközi konferencia, Szeged, 1998 szept. 17-18.] |
| Kulcsszavak: | Filozófia - német - 18-19. sz. |
| Tárgyszavak: | |
| Online Access: | http://acta.bibl.u-szeged.hu/9487 |
| LEADER | 00945naa a2200241 i 4500 | ||
|---|---|---|---|
| 001 | acta9487 | ||
| 005 | 20211216124300.0 | ||
| 008 | 161015s1999 hu o 0|| hun d | ||
| 022 | |a 0866-028X | ||
| 040 | |a SZTE Egyetemi Kiadványok Repozitórium |b hun | ||
| 041 | |a hun | ||
| 100 | 1 | |a Simon Ferenc | |
| 245 | 1 | 2 | |a A fejlett Nyugat eszménye Hegel politikai írásaiban |h [elektronikus dokumentum] / |c Simon Ferenc |
| 260 | |c 1999 | ||
| 300 | |a 159-173 | ||
| 490 | 0 | |a Ész, élet, egzisztencia | |
| 490 | 0 | |a Európai integráció - európai filozófia : [nemzetközi konferencia, Szeged, 1998 szept. 17-18.] | |
| 650 | 4 | |a Bölcsészettudományok | |
| 650 | 4 | |a Filozófia, etika és vallástudományok | |
| 695 | |a Filozófia - német - 18-19. sz. | ||
| 700 | 0 | 1 | |a Hegel Georg Wilhelm Friedrich |
| 710 | |a Európai integráció - európai filozófia (1998) (Szeged) | ||
| 856 | 4 | 0 | |u http://acta.bibl.u-szeged.hu/9487/1/esz_006_159-173.pdf |z Dokumentum-elérés |